00986cam a2200265 a 450000100100000000500170001000800410002702000150006804000230008304100130010608200170011910000230013624000330015924501170019226000370030930000210034650400420036750000210040953401130043065000300054365000590057365000250063265000400065770000230069700000284420200929150253.0811203s1981 ag b 001 0 spa  a9509097403 aDO-SdBNPcDLCdDLC17aespheng a813.54bG1741 aGalloway, David D.13aEl heroe absurdo.lEspañol13aEl heroe absurdo :ben la obra de Updike, Styron, Bellow, Salinger /cDavid Galloway; traducción, Anibal Leal. aBuenos Aires :bFraterna,c1981. a265 p. ;c20 cm. aIncluye bibliografía: p. [239]-258. aIncluye índice aTítulo original :tThe absurd hero in American fiction : in the works of Updike, Styron, Bellow, Salinger. 4aLiteratura estadounidense 4aFicción de américaySIGLO XXxHistoria y crítica 4aHeroes en literatura 4aAbsurdo (filosofía) en literatura1 aLeal, Anibal,etr.